|
|
|
|
| LEADER |
00885nam a22002171a 4500 |
| 020 |
|
|
|c 0.00
|
| 040 |
|
|
|a SSUS - Library - Kalady
|
| 082 |
|
|
|a MPS 155.4
|b AGA/A
|
| 100 |
|
|
|a Agaga S
|
| 245 |
|
|
|a Adjustment, subjective well-being and achievement motivation : a comparative study on children of alcoholics and children of non-alcoholics
|h [M.Phil Dissertation]
|
| 260 |
|
|
|a Kalady
|b Sree Sankaracharya University of Sanskrit
|c 2010
|
| 300 |
|
|
|a 114p.
|
| 600 |
|
|
|a Alcoholic parents - Children
|
| 600 |
|
|
|a Non-alcoholic parents - Children
|
| 600 |
|
|
|a Psychology Child
|
| 600 |
|
|
|a Psychology
|
| 600 |
|
|
|a Psychology Mphil thesis
|
| 852 |
|
|
|k Reference
|h MPS 155.4
|i AGA/A
|p T1391
|9 0.00
|t 0
|
| 942 |
|
|
|c MPHD
|
| 999 |
|
|
|c 971
|d 971
|
| 952 |
|
|
|0 0
|1 0
|2 ddc
|4 0
|6 R_MPS_155_400000000000000_AGA_A
|7 0
|9 1540
|a SSUS
|b SSUS
|c REF
|d 2015-01-08
|g 0.00
|o R MPS 155.4 AGA/A
|p T0115
|r 2015-01-08
|v 0.00
|w 2015-01-08
|y MPHD
|